Suomen kuntaliitoksissa lakkautetut kunnat - Statistics

Yleistilastot
  • Tätä visaa on pelattu 564 kertaa
  • Keskiarvotulos 123 / 265
Vastaustilastot
Hint Vastaus % Oikein
2009 Jaala
73%
2006 Rovaniemen mlk
68%
1975 Anjala
67%
1981 Nummi
66%
2009 Jyväskylän mlk
65%
1981 Pusula
64%
1977 | 2009 Tammisaari
64%
2009 Alahärmä
63%
2010 Noormarkku
63%
2007 Toijala
62%
2013 Yli-Ii
62%
2009 Joutseno
61%
2009 Karjaa
61%
1973 Alatornio
60%
2009 Anjalankoski
60%
2009 Eno
60%
2009 Kuusankoski
60%
1967 Lappee
60%
2001 Mikkelin mlk
60%
2009 Nauvo
60%
2009 Vilppula
60%
2013 Kerimäki
59%
1969 Kuopion mlk
59%
2017 Luvia
59%
2009 Mänttä
59%
2016 Nastola
59%
2009 Elimäki
58%
2013 Haukipudas
58%
2016 Jalasjärvi
58%
2017 Juankoski
58%
2013 Oulunsalo
58%
2009 Ylihärmä
58%
2009 Vammala
57%
2013 Karjalohja
56%
2009 Kemiö
56%
2009 Nurmo
56%
2009 Pohja
56%
1967 Porin mlk
56%
2013 Punkaharju
56%
2010 Ruotsinpyhtää
56%
1973 Simpele
56%
2007 Viiala
56%
2009 Alastaro
55%
2009 Hauho
55%
2021 Honkajoki
55%
2013 Kesälahti
55%
1981 Kiikka
55%
2009 Korppoo
55%
2009 Lammi
55%
2015 Lavia
55%
2005 Peräseinäjoki
55%
1993 Rauman mlk
55%
2013 Ristiina
55%
2007 Suolahti
55%
2009 Valkeala
55%
2009 Iniö
54%
2009 Lappi
54%
2015 Maaninka
54%
2005 Tuupovaara
54%
2009 Ylistaro
54%
2001 Anttola
53%
2013 Kiiminki
53%
2010 Liljendal
53%
1997 Porvoon mlk
53%
1993 Säynätsalo
53%
1972 Teisko
53%
2009 Tuulos
53%
2009 Jämsänkoski
52%
2007 Maksamaa
52%
2009 Piippola
52%
1946 Haaga
51%
2009 Jurva
51%
2013 Nilsiä
51%
2009 Sammatti
51%
1972 Ahlainen
50%
1946 Akaa
50%
2016 Hämeenkoski
50%
2010 Himanka
50%
1981 Keikyä
50%
2013 Kiikoinen
50%
2016 Köyliö
50%
1967 Lauritsala
50%
2009 Lohtaja
50%
2013 Nummi-Pusula
50%
2004 Pieksämäen mlk
50%
2013 Vähäkyrö
50%
2009 Ylikiiminki
50%
2009 Dragsfjärd
49%
1969 Hyvinkään mlk
49%
2011 Karttula
49%
2005 Kiihtelysvaara
49%
1969 Öja
49%
2009 Pulkkila
49%
2009 Renko
49%
2009 Ullava
49%
2005 Vehmersalmi
49%
1948 Hämeenlinnan mlk
48%
2009 Kisko
48%
1977 Kymi
48%
2009 Lemu
48%
2009 Rantsila
48%
2020 Valtimo
48%
1977 Kajaanin mlk
47%
1977 Karhula
47%
2009 Kestilä
47%
2009 Korpilahti
47%
2009 Kuru
47%
1973 Lapväärtti
47%
2009 Lehtimäki
47%
2007 Luopioinen
47%
1967 Maaria
47%
2009 Merimasku
47%
2009 Mouhijärvi
47%
1973 Paattinen
47%
2003 Pattijoki
47%
2010 Pernaja
47%
1973 Raippaluoto
47%
1973 Sääminki
47%
2009 Savonranta
47%
2005 Uukuniemi
47%
1966 Aitolahti
46%
1969 Alaveteli
46%
2011 Artjärvi
46%
2009 Askainen
46%
2009 Houtskari
46%
2009 Kälviä
46%
1993 Konginkangas
46%
1946 Kulosaari
46%
1989 Nuijamaa
46%
2009 Perniö
46%
2009 Piikkiö
46%
2013 Töysä
46%
2009 Äetsä
45%
2009 Halikko
45%
2007 Haukivuori
45%
1975 Jepua
45%
2011 Oravainen
45%
1965 Oulujoki
45%
1973 Pielisjärvi
45%
1975 Sippola
45%
2013 Suomenniemi
45%
2001 Temmes
45%
2011 Varpaisjärvi
45%
2009 Velkua
45%
2013 Vihanti
45%
2004 Virtasalmi
45%
2007 Vöyri
45%
2010 Ylämaa
45%
1973 Ylimarkku
45%
1997 Heinolan mlk
44%
1946 Huopalahti
44%
1970 Iisalmen mlk
44%
1968 Kakskerta
44%
1946 Oulunkylä
44%
1973 Riistavesi
44%
2005 Sahalahti
44%
1969 Uudenkaupungin mlk
44%
2009 Västanfjärd
44%
2009 Yläne
44%
1977 Bromarv
43%
2011 Kuhmalahti
43%
2009 Muurla
43%
1974 Pyhämaa
43%
2009 Pyhäselkä
43%
1973 Siipyy
43%
2007 Sumiainen
43%
1969 Karjaan mlk
42%
1973 Kemijärven mlk
42%
2009 Pertteli
42%
2009 Rymättylä
42%
1959 Seinäjoen mlk
42%
1993 Tenhola
42%
2005 Värtsilä
42%
1969 Äänekosken mlk
41%
1977 Ähtävä
41%
1973 Björköby
41%
1977 Kaarlela
41%
1993 Kalanti
41%
1973 Karkku
41%
1973 Karunki
41%
2009 Kiikala
41%
2009 Kiukainen
41%
2007 Längelmäki
41%
1947 Messukylä
41%
1971 Muuruvesi
41%
1964 Naantalin mlk
41%
1973 Sääksmäki
41%
2007 Suodenniemi
41%
1969 Teerijärvi
41%
1967 Uskela
41%
2003 Vehkalahti
41%
2007 Vuolijoki
41%
1967 Angelniemi
40%
1973 Bergö
40%
2004 Jäppilä
40%
2009 Kalvola
40%
1977 Karjala
40%
2005 Kullaa
40%
2007 Mietoinen
40%
1975 Munsala
40%
1973 Paavola
40%
1954 Pielisensuu
40%
2009 Pylkönmäki
40%
2007 Ruukki
40%
2005 Saari
40%
2009 Suomusjärvi
40%
1973 Tiukka
40%
1973 Tyrvää
40%
1967 Vanaja
40%
1969 Hiittinen
39%
1970 Hinnerjoki
39%
2009 Kuusjoki
39%
2009 Mellilä
39%
2015 Tarvasjoki
39%
1975 Uudenkaarlepyyn mlk
39%
1946 Degerby
38%
1973 Eräjärvi
38%
1972 Ikaalisten mlk
38%
2005 Karinainen
38%
2007 Kodisjoki
38%
1973 Koivulahti
38%
2009 Kortesjärvi
38%
2011 Kylmäkoski
38%
2008 Leivonmäki
38%
1973 Nurmeksen mlk
38%
1969 Pyhäjärvi Ul
38%
1977 Snappertuna
38%
1977 Somerniemi
38%
2007 Viljakkala
38%
1974 Haapasaari
37%
2005 Kangaslampi
37%
2007 Kuivaniemi
37%
1969 Pihlajavesi
37%
1973 Revonlahti
37%
2011 Vöyri-Maksamaa
37%
1969 Koijärvi
36%
2001 Kuorevesi
36%
1976 Metsämaa
36%
1973 Pirttikylä
36%
1977 Purmo
36%
2009 Vahto
36%
2009 Vampula
36%
1969 Kauvatsa
35%
1981 Lokalahti
35%
1976 Tottijärvi
35%
1970 Honkilahti
34%
1969 Karuna
34%
2009 Parainen
34%
1973 Sulva
34%
1967 Paraisten mlk
33%
1973 Petolahti
33%
2007 Pieksänmaa
33%
2009 Särkisalo
33%
1971 Säyneinen
33%
1971 Tyrväntö
33%
1973 Pohjaslahti
32%
1973 Rautio
32%
1973 Suoniemi
32%
1946 Kuusisto
31%
1973 Saloinen
31%
1969 Koskenpää
29%
1997 Lohjan kunta
26%
2005 Loimaan kunta
24%
1934 Kyyrölä
20%
Ehtoja vastaavia visoja ei löytynyt
Tulosjakauma
Jokaisen tuloksen saaneiden osuus
Persentiili vastausten määrän mukaan
Tuloshistoriasi
Et ole pelannut tätä visaa